Statistiques concernant Pays qui battent l'Inde

Cliquez ici pour prendre le quiz!

Statistiques générales

  • Ce quiz a été pris 2 086 fois
  • Le résultat moyen est 8 sur 18

Statistiques - réponses

RangsCatégoriesPays% Correct
2Population la plus nombreuseChine
100%
4Point culminant le plus élevéNépal | Chine | Pakistan
93%
3Population Musulmane la plus nombreuseIndonésie | Pakistan
88%
3Capitale la plus peuplée
(avec l'aire urbaine de la ville)
Japon | Indonésie
66%
3Nombre de moutons le plus élevéChine | Australie
55%
2Coupes du monde de cricket remportéesAustralie
53%
10Température la plus chaude de tous les tempsKoweit | Etats-Unis | Iran | Irak | Mexique |
Arabie Saoudite | Émirats arabes unis |
Pakistan | Jordanie
51%
5Nombre d'éléphants sauvages le plus élevéBotswana | Zimbabwe | Tanzanie |
Rép Dém du Congo
49%
2Production de canne à sucre la plus élevéeBrésil
46%
7Aide étrangère reçu la plus importante (2016)Syrie | Ethiopie | Afghanistan | Turquie |
Vietnam | Jordanie
37%
2Nombre de meurtres annuel le plus élevéBrésil
36%
15Nombre de touristes par habitant le moins élevéBangladesh | Turkménistan | Rép Dém du Congo |
Corée du Nord | Guinée équatoriale | Moldavie |
Nigeria | Pakistan | Libye | Afghanistan |
Liberia | Mauritanie | Somalie
28%
4Plus grand nombre de langues parléesPapouasie-Nouvelle-Guinée | Indonésie | Nigeria
24%
8Plus haut pourcentage du territoire
étant des terres agricoles
Comores | Tuvalu | Bangladesh | Moldavie |
Danemark | Ukraine | Rwanda
21%
3Plus grand nombre de morts dus à la malariaNigeria | Rép Dém du Congo
21%
4Taux d'obésité le moins élevéVietnam | Bangladesh | Timor Oriental
20%
3Nombre d'espèces de mammifères
menacées le plus élevé
Indonésie | Madagascar
12%
9Ratio homme/femme le plus élevé (2016)Vatican | Qatar | Emirats Arabes Unis | Koweit |
Maldives | Oman | Arabie Saoudite | Palaos | Bhoutan
10%

Distribution des résultats

Percentile par nombre de réponses

% des personnes avec chaque résultat

Votre développement - résultats

Vous n’avez pas pris ce quiz